| 000 | 00728nam a2200229 4500 | ||
|---|---|---|---|
| 001 | 123860 | ||
| 003 | ES-MaACL | ||
| 005 | 20250416232442.0 | ||
| 007 | t| | ||
| 008 | 070214s1962 sp r ||||1| spa d | ||
| 100 | 1 |
_aQuoist, Michel. _994807 |
|
| 245 | 1 | 0 |
_aOraciones para rezar por la calle / _cMichel Quoist ; traducción de José Luis Martín Descalzo, Ramón María Sans Vila. |
| 250 | _a4ª. ed. | ||
| 260 |
_aSalamanca : _bSígueme, _c1962. |
||
| 300 |
_a212 p. ; _c19 cm. |
||
| 490 | 1 | _aHinnene | |
| 700 | 1 |
_aMartín Descalzo, José Luis, _d1930-1991 _977470 |
|
| 700 | 1 |
_aSans Vila, Ramón María. _9103213 |
|
| 830 | 0 |
_aHinnene _9218974 |
|
| 852 |
_aES-MaACL _jC-24367 _bR.50521 |
||
| 999 |
_c123860 _d123860 |
||